logo

Bir Sreshtho Munshi Abdur Rouf Library
Jhenaidah Cadet College

বাঙলা একাডেমী পত্রিকা : গবেষণামূলক ত্রৈমাসিক কার্তিক-পৌষ ১৪০০ / (Record no. 5985)

MARC details
000 -LEADER
fixed length control field 00760nam a2200205 a 4500
001 - CONTROL NUMBER
JCCL Control Number 5985
003 - CONTROL NUMBER IDENTIFIER
JCCL marc code BD-JhCC
005 - DATE AND TIME OF LATEST TRANSACTION
control field 20180210110940.0
008 - FIXED-LENGTH DATA ELEMENTS--GENERAL INFORMATION
fixed length control field 171231s1400 bg |||| ||a| 000 0 ben d
035 ## - SYSTEM CONTROL NUMBER
system control number (BD-JhCC)5985
040 ## - CATALOGING SOURCE
Original cataloging agency BD-JhCC
Modifying agency BD-JhCC
041 ## - LANGUAGE CODE
Language code of Book ben
082 ## - DEWEY DECIMAL CLASSIFICATION NUMBER
Classification number 050
Author mark and Year RAS 1400
245 ## - TITLE STATEMENT
Title বাঙলা একাডেমী পত্রিকা : গবেষণামূলক ত্রৈমাসিক কার্তিক-পৌষ ১৪০০ /
Statement of responsibility, etc মোহাম্মদ হারুন-উর-রশিদ (সম্পদিত)
260 ## - PUBLICATION, DISTRIBUTION, ETC. (IMPRINT)
Place of publication, distribution, etc ঢাকা :
Name of publisher, distributor, etc বাঙলা একাডেমী,
Date of publication, distribution, etc 1400.
300 ## - PHYSICAL DESCRIPTION
Pagination 160 p. :
Dimensions 24 cm.
650 ## - SUBJECT ADDED ENTRY--TOPICAL TERM
Topical term or geographic name as entry element Bangali Philology
General subdivision Preiodicals
942 ## - ADDED ENTRY ELEMENTS (KOHA)
Source of classification or shelving scheme Dewey Decimal Classification
Koha item type Books
Holdings
Source of classification or shelving scheme Damaged status Not for loan Home library Current library Shelving location Date of accession Cost, normal purchase price Total Checkouts Full call number Barcode Date last seen Copy number Koha item type
Dewey Decimal Classification     JCC Rouf Library JCC Rouf Library General Stacks 12/31/2017 20.00   050 RAS 1400 8158 12/31/2017 C-1 Books

JCC Library | Contacts | JCC Home

Last Update on 23 September 2017
Copyright @ 2017-2020 JCC Rouf Library
Rouf Library, Jhenidah Cadet College (JCC), Bangladesh